Bending the rules : (Record no. 276863)
[ view plain ]
| 000 -LEADER | |
|---|---|
| fixed length control field | 01335cam a2200265 a 4500 |
| 001 - CONTROL NUMBER | |
| control field | 15634665 |
| 005 - DATE AND TIME OF LATEST TRANSACTION | |
| control field | 20141120143723.0 |
| 008 - FIXED-LENGTH DATA ELEMENTS--GENERAL INFORMATION | |
| fixed length control field | 090223s2007 enk b 001 0 eng |
| 010 ## - LIBRARY OF CONGRESS CONTROL NUMBER | |
| LC control number | 2009293484 |
| 020 ## - INTERNATIONAL STANDARD BOOK NUMBER | |
| International Standard Book Number | 9780199218981 (alk. paper) |
| 040 ## - CATALOGING SOURCE | |
| Original cataloging agency | DLC |
| Transcribing agency | DLC |
| Modifying agency | DLC |
| 050 00 - LIBRARY OF CONGRESS CALL NUMBER | |
| Classification number | BJ 1012 |
| Item number | .H53 2008 |
| 082 00 - DEWEY DECIMAL CLASSIFICATION NUMBER | |
| Classification number | 170 |
| 100 1# - MAIN ENTRY--PERSONAL NAME | |
| Personal name | Hinde, Robert A. |
| 245 10 - TITLE STATEMENT | |
| Title | Bending the rules : |
| Remainder of title | morality in the modern world : from relationships to politics and war / |
| Statement of responsibility, etc | Robert A. Hinde ; with contributions from Joseph Rotblat. |
| 260 ## - PUBLICATION, DISTRIBUTION, ETC. (IMPRINT) | |
| Place of publication, distribution, etc | Oxford ; |
| -- | New York : |
| Name of publisher, distributor, etc | Oxford University Press, |
| Date of publication, distribution, etc | 2008. |
| 300 ## - PHYSICAL DESCRIPTION | |
| Extent | vii, 279 pages : |
| Dimensions | 20 cm. |
| 504 ## - BIBLIOGRAPHY, ETC. NOTE | |
| Bibliography, etc | Includes bibliographical references (p. 265-275) and index. |
| 505 0# - FORMATTED CONTENTS NOTE | |
| Formatted contents note | Ethical principles and precepts -- The evolution of morality -- Ethics and law -- Exchange and reciprocity : conflict in personal relationships -- Ethics and the physical sciences -- Ethics and medicine -- Ethics and politics -- Ethics and business -- Ethics and war -- What does all this mean for the future? -- Appendix : relations to moral philosophy. |
| 650 #0 - SUBJECT ADDED ENTRY--TOPICAL TERM | |
| Topical term or geographic name as entry element | Ethics, Modern |
| Chronological subdivision | 21st century. |
| 700 1# - ADDED ENTRY--PERSONAL NAME | |
| Personal name | Rotblat, Joseph, |
| Dates associated with a name | 1908-2005. |
| 906 ## - LOCAL DATA ELEMENT F, LDF (RLIN) | |
| a | 7 |
| b | cbc |
| c | origcop |
| d | 2 |
| e | ncip |
| f | 20 |
| g | y-gencatlg |
| 942 ## - ADDED ENTRY ELEMENTS (KOHA) | |
| Source of classification or shelving scheme | Library of Congress Classification |
| Koha item type | Books |
| Call number prefix | Foreign |
| Withdrawn status | Lost status | Source of classification or shelving scheme | Damaged status | Home library | Current library | Shelving location | Date acquired | Source of acquisition | Total Checkouts | Full call number | Barcode | Date last seen | Price effective from | Koha item type |
|---|---|---|---|---|---|---|---|---|---|---|---|---|---|---|
| Library of Congress Classification | College Library | College Library | General Circulation Section | 11/20/2014 | Donation | BJ 1012 .H53 2008 | C18980 | 05/15/2018 | 11/20/2014 | Books |